Guts and Blackpowder Musician Items - Statistics

General Stats
  • This quiz has been taken 106 times
  • The average score is 4 of 5
Answer Stats
Shop Price Answer % Correct
Free Fife
98%
500 Francs Bugle
89%
300 Francs Drums
73%
Free Sabre
63%
Regiment Pack #1 Bagpipes
60%
No matching quizzes found
Score Distribution
Percent of People with Each Score
Percentile by Number Answered
Your Score History
You have not taken this quiz